00626 a2200193 450000500170000001000130001702000260003003500130005603700090006908200060007810000380008424500490012226000450017127000140021630000220023094200250025299900190027795201360029620240701144259.0 aB-759962 a9789380887197c495.00 aB-759962 bGift aS aShastri, Acharya Chatursen967948 aBed Time Stories/cAcharya Chatursen Shastri aNew DelhibJuggernaut Publicationsc2016 aNew Delhi a125 p.c22 cm(Hb) adplcCH2ddchSmSHA c203844d203844 001040708FICaAVbAVd2024-07-01eGift/25.6.24g495.00l0oS SHApB-759962r2024-07-01 00:00:00t1v495.00w2024-07-01yCHzGift